Karate: the complete course. (Record no. 91460)
[ view plain ]
| 000 -LEADER | |
|---|---|
| fixed length control field | 00408nam a2200157Ia 4500 |
| 008 - FIXED-LENGTH DATA ELEMENTS--GENERAL INFORMATION | |
| fixed length control field | 210210b1987 xxu||||| |||| 00| 0 eng d |
| 020 ## - INTERNATIONAL STANDARD BOOK NUMBER | |
| International Standard Book Number | 0 85112 836 X |
| 082 ## - DEWEY DECIMAL CLASSIFICATION NUMBER | |
| Classification number | 796.8153 MORK |
| 100 ## - MAIN ENTRY--PERSONAL NAME | |
| Personal name | MORRIS (Tommy). |
| 245 ## - TITLE STATEMENT | |
| Title | Karate: the complete course. |
| 260 ## - PUBLICATION, DISTRIBUTION, ETC. | |
| Place of publication, distribution, etc. | London |
| Name of publisher, distributor, etc. | Guinness superlatives ltd |
| Date of publication, distribution, etc. | 1987 |
| 300 ## - PHYSICAL DESCRIPTION | |
| Extent | 160 |
| 650 ## - SUBJECT ADDED ENTRY--TOPICAL TERM | |
| Topical term or geographic name entry element | Karate |
| 690 ## - LOCAL SUBJECT ADDED ENTRY--TOPICAL TERM (OCLC, RLIN) | |
| Topical term or geographic name as entry element | Athletic & Outdoor Sports |
| 906 ## - LOCAL DATA ELEMENT F, LDF (RLIN) | |
| a | 041375 |
| Withdrawn status | Lost status | Source of classification or shelving scheme | Damaged status | Not for loan | Collection code | Home library | Current library | Shelving location | Date acquired | Source of acquisition | Cost, normal purchase price | Total Checkouts | Full call number | Barcode | Date last seen | Price effective from | Koha item type |
|---|---|---|---|---|---|---|---|---|---|---|---|---|---|---|---|---|---|
| Dewey Decimal Classification | Games & Sports | St Aloysius Library | St Aloysius Library | Secondary stack section | 02/17/2021 | Athree Book Centre, Mangalore-01. | 0.00 | 796.8153 MORK | 041375 | 02/17/2021 | 02/17/2021 | Book |